000 00748nam a2200253Ia 4500
003 OSt
005 20220923224924.0
006 a|||||r|||| 00| 0
007 ta
008 220922b |||||||| |||| 00| 0 hin d
024 _a253,656
037 _cTextual
040 _aARTS
_cARTS
_bhin
041 _2hin
_ahin
082 _aO152,3N27,PR, M8
100 _aमिश्र, शिवसागर
_9156279
245 0 _aप्रतिगत
246 _aPratigata
260 _aदिल्ली
_b किताबघर
_c1988
300 _a304पृ.
_ccm.
650 _aहिन्दी कहानी
942 _hO152,3N27,PR, M8
_cTEXL
_2CC
999 _c374673
_d374673